| 000 | 00430nam a2200133Ia 4500 | ||
|---|---|---|---|
| 008 | 170419s9999 xx 000 0 und d | ||
| 100 | _aUnderwood, Patricia W. | ||
| 245 | _aFifteenth anniversary (2000-2015): past, present and future | ||
| 245 | _cPatricia W. Underwood, Jill Kilanowski, Susan B. Connor, Marti Rice. | ||
| 260 | _bElsevier | ||
| 260 | _c2016 | ||
| 300 | _aSeptember/November | ||
| 440 |
_aNursing Outlook _v64:5 |
||
| 999 |
_c329487 _d329487 |
||